| 000 | 00512nam a2200181Ia 4500 | ||
|---|---|---|---|
| 003 | GCL | ||
| 008 | 140319s9999 xx 000 0 eng d | ||
| 040 |
_aGCL / _cGCL |
||
| 082 | 0 | 4 |
_a338.4791 _bG T |
| 100 | 1 | _aGARTNER, WILLIAM C | |
| 245 | 1 | 0 |
_aTOURISM DEVELOPMENT: PRINCIPLES, PROCESSES AND POLICIES / _cGARTNER, WILLIAM C |
| 260 |
_a[S.N] : _bVAN NOSTRAND REINHOLD ، _c1996 |
||
| 300 | _a539 P | ||
| 650 | 0 | 4 | _aTOURIST TRADE |
| 650 | 0 | 4 | _aTOURISM - DEVELOPMENT |
| 650 | 0 | 4 | _aPRODUCTIONS |
| 942 |
_2ddc _cBK |
||
| 999 |
_c13525 _d13525 |
||